<?xml version="1.0" encoding="UTF-8"?>
<marc:record xmlns:marc="http://www.loc.gov/MARC21/slim" type="Bibliographic">
   <marc:leader>00000pim a2200000 c 4500</marc:leader>
   <marc:controlfield tag="001">999463950</marc:controlfield>
   <marc:controlfield tag="003">DE-101</marc:controlfield>
   <marc:controlfield tag="005">20171202130843.0</marc:controlfield>
   <marc:controlfield tag="007">sd||||||||||||</marc:controlfield>
   <marc:controlfield tag="007">co||||||||||||</marc:controlfield>
   <marc:controlfield tag="008">100112s2010    gw |||||q|||||||||||ger  </marc:controlfield>
   <marc:datafield ind1=" " ind2=" " tag="015">
      <marc:subfield code="a">10,A30</marc:subfield>
      <marc:subfield code="z">10,N04</marc:subfield>
      <marc:subfield code="2">dnb</marc:subfield>
   </marc:datafield>
   <marc:datafield ind1="7" ind2=" " tag="016">
      <marc:subfield code="2">DE-101</marc:subfield>
      <marc:subfield code="a">999463950</marc:subfield>
   </marc:datafield>
   <marc:datafield ind1=" " ind2=" " tag="020">
      <marc:subfield code="a">9783941234208</marc:subfield>
      <marc:subfield code="c">: EUR 14.90 (DE, freier Pr.)</marc:subfield>
      <marc:subfield code="9">978-3-941234-20-8</marc:subfield>
   </marc:datafield>
   <marc:datafield ind1="3" ind2=" " tag="024">
      <marc:subfield code="a">9783941234208</marc:subfield>
   </marc:datafield>
   <marc:datafield ind1="5" ind2="2" tag="028">
      <marc:subfield code="a">Best.-Nr. 9783941234208</marc:subfield>
   </marc:datafield>
   <marc:datafield ind1=" " ind2=" " tag="035">
      <marc:subfield code="a">(DE-599)DNB999463950</marc:subfield>
   </marc:datafield>
   <marc:datafield ind1=" " ind2=" " tag="035">
      <marc:subfield code="a">(OCoLC)724178972</marc:subfield>
   </marc:datafield>
   <marc:datafield ind1=" " ind2=" " tag="040">
      <marc:subfield code="a">1245</marc:subfield>
      <marc:subfield code="b">ger</marc:subfield>
      <marc:subfield code="c">DE-101</marc:subfield>
      <marc:subfield code="d">9999</marc:subfield>
   </marc:datafield>
   <marc:datafield ind1=" " ind2=" " tag="041">
      <marc:subfield code="a">ger</marc:subfield>
   </marc:datafield>
   <marc:datafield ind1=" " ind2=" " tag="044">
      <marc:subfield code="c">XA-DE-BW</marc:subfield>
   </marc:datafield>
   <marc:datafield ind1="7" ind2="4" tag="082">
      <marc:subfield code="a">K</marc:subfield>
      <marc:subfield code="q">DE-101</marc:subfield>
      <marc:subfield code="2">22sdnb</marc:subfield>
   </marc:datafield>
   <marc:datafield ind1="0" ind2="0" tag="245">
      <marc:subfield code="a">Antonio Vivaldi und der Fluch des Phoenix</marc:subfield>
      <marc:subfield code="b">ein Hörspiel ; für Kinder von 5 bis 10 Jahren</marc:subfield>
      <marc:subfield code="c">von Michael Vonau. Erzähler und Feuermaus: Heiner Heusinger ; Siggi Rümmelein: Thomas Rübenacker ; Leopold die Leseratte: Wieland Haas ...</marc:subfield>
   </marc:datafield>
   <marc:datafield ind1=" " ind2="1" tag="264">
      <marc:subfield code="a">[Filderstadt]</marc:subfield>
      <marc:subfield code="b">Griot, Hörbuchverl.</marc:subfield>
      <marc:subfield code="c">2010</marc:subfield>
   </marc:datafield>
   <marc:datafield ind1=" " ind2=" " tag="300">
      <marc:subfield code="a">2 CDs</marc:subfield>
      <marc:subfield code="c">12 cm, 70 gr.</marc:subfield>
      <marc:subfield code="e">Begleitbuch (47 S.)</marc:subfield>
   </marc:datafield>
   <marc:datafield ind1=" " ind2=" " tag="336">
      <marc:subfield code="a">gesprochenes Wort</marc:subfield>
      <marc:subfield code="b">spw</marc:subfield>
      <marc:subfield code="2">rdacontent</marc:subfield>
   </marc:datafield>
   <marc:datafield ind1=" " ind2=" " tag="337">
      <marc:subfield code="a">audio</marc:subfield>
      <marc:subfield code="b">s</marc:subfield>
      <marc:subfield code="2">rdamedia</marc:subfield>
   </marc:datafield>
   <marc:datafield ind1=" " ind2=" " tag="338">
      <marc:subfield code="a">Audiodisk</marc:subfield>
      <marc:subfield code="b">sd</marc:subfield>
      <marc:subfield code="2">rdacarrier</marc:subfield>
   </marc:datafield>
   <marc:datafield ind1=" " ind2=" " tag="385">
      <marc:subfield code="0">(DE-588)4030550-8</marc:subfield>
      <marc:subfield code="0">http://d-nb.info/gnd/4030550-8</marc:subfield>
      <marc:subfield code="0">(DE-101)040305503</marc:subfield>
      <marc:subfield code="a">Kind</marc:subfield>
      <marc:subfield code="2">gnd</marc:subfield>
   </marc:datafield>
   <marc:datafield ind1="1" ind2="7" tag="600">
      <marc:subfield code="0">(DE-588)118627287</marc:subfield>
      <marc:subfield code="0">http://d-nb.info/gnd/118627287</marc:subfield>
      <marc:subfield code="0">(DE-101)118627287</marc:subfield>
      <marc:subfield code="a">Vivaldi, Antonio</marc:subfield>
      <marc:subfield code="d">1678-1741</marc:subfield>
      <marc:subfield code="2">gnd</marc:subfield>
   </marc:datafield>
   <marc:datafield ind1="1" ind2="7" tag="600">
      <marc:subfield code="0">(DE-588)118627287</marc:subfield>
      <marc:subfield code="0">http://d-nb.info/gnd/118627287</marc:subfield>
      <marc:subfield code="0">(DE-101)118627287</marc:subfield>
      <marc:subfield code="a">Vivaldi, Antonio</marc:subfield>
      <marc:subfield code="d">1678-1741</marc:subfield>
      <marc:subfield code="2">gnd</marc:subfield>
   </marc:datafield>
   <marc:datafield ind1=" " ind2=" " tag="653">
      <marc:subfield code="a">(VLB-FS)Klassik</marc:subfield>
   </marc:datafield>
   <marc:datafield ind1=" " ind2=" " tag="653">
      <marc:subfield code="a">(VLB-FS)Vivaldi</marc:subfield>
   </marc:datafield>
   <marc:datafield ind1=" " ind2=" " tag="653">
      <marc:subfield code="a">(VLB-FS)Venedig</marc:subfield>
   </marc:datafield>
   <marc:datafield ind1=" " ind2=" " tag="653">
      <marc:subfield code="a">(VLB-FS)Leitfaden Klassik</marc:subfield>
   </marc:datafield>
   <marc:datafield ind1=" " ind2=" " tag="653">
      <marc:subfield code="a">(VLB-PF)BA: Buch</marc:subfield>
   </marc:datafield>
   <marc:datafield ind1=" " ind2=" " tag="653">
      <marc:subfield code="a">(VLB-PG)SD400: Audio-CD</marc:subfield>
   </marc:datafield>
   <marc:datafield ind1=" " ind2=" " tag="653">
      <marc:subfield code="a">(VLB-PG)TQ500: Hörbücher</marc:subfield>
   </marc:datafield>
   <marc:datafield ind1=" " ind2=" " tag="653">
      <marc:subfield code="a">(VLB-WN)5593: Audio-CD, Kassette / Musik/Musikgeschichte</marc:subfield>
   </marc:datafield>
   <marc:datafield ind1=" " ind2="7" tag="655">
      <marc:subfield code="0">(DE-588)4522869-3</marc:subfield>
      <marc:subfield code="0">http://d-nb.info/gnd/4522869-3</marc:subfield>
      <marc:subfield code="0">(DE-101)955174880</marc:subfield>
      <marc:subfield code="a">CD</marc:subfield>
      <marc:subfield code="2">gnd-carrier</marc:subfield>
   </marc:datafield>
   <marc:datafield ind1=" " ind2="7" tag="655">
      <marc:subfield code="0">(DE-588)4163854-2</marc:subfield>
      <marc:subfield code="0">http://d-nb.info/gnd/4163854-2</marc:subfield>
      <marc:subfield code="0">(DE-101)041638549</marc:subfield>
      <marc:subfield code="a">Kindersachbuch</marc:subfield>
      <marc:subfield code="2">gnd-content</marc:subfield>
   </marc:datafield>
   <marc:datafield ind1=" " ind2="7" tag="655">
      <marc:subfield code="a">Kindersachbuch</marc:subfield>
      <marc:subfield code="2">gnd</marc:subfield>
   </marc:datafield>
   <marc:datafield ind1=" " ind2="7" tag="655">
      <marc:subfield code="a">CD &lt;für Kinder&gt;</marc:subfield>
      <marc:subfield code="2">gnd</marc:subfield>
   </marc:datafield>
   <marc:datafield ind1="0" ind2="0" tag="689">
      <marc:subfield code="0">(DE-588)118627287</marc:subfield>
      <marc:subfield code="0">http://d-nb.info/gnd/118627287</marc:subfield>
      <marc:subfield code="0">(DE-101)118627287</marc:subfield>
      <marc:subfield code="D">p</marc:subfield>
      <marc:subfield code="a">Vivaldi, Antonio</marc:subfield>
      <marc:subfield code="d">1678-1741</marc:subfield>
   </marc:datafield>
   <marc:datafield ind1="0" ind2="1" tag="689">
      <marc:subfield code="A">f</marc:subfield>
      <marc:subfield code="a">Kindersachbuch</marc:subfield>
   </marc:datafield>
   <marc:datafield ind1="0" ind2=" " tag="689">
      <marc:subfield code="5">DE-101</marc:subfield>
      <marc:subfield code="5">DE-101</marc:subfield>
   </marc:datafield>
   <marc:datafield ind1="1" ind2="0" tag="689">
      <marc:subfield code="0">(DE-588)118627287</marc:subfield>
      <marc:subfield code="0">http://d-nb.info/gnd/118627287</marc:subfield>
      <marc:subfield code="0">(DE-101)118627287</marc:subfield>
      <marc:subfield code="D">p</marc:subfield>
      <marc:subfield code="a">Vivaldi, Antonio</marc:subfield>
      <marc:subfield code="d">1678-1741</marc:subfield>
   </marc:datafield>
   <marc:datafield ind1="1" ind2="1" tag="689">
      <marc:subfield code="A">f</marc:subfield>
      <marc:subfield code="a">CD &lt;für Kinder&gt;</marc:subfield>
   </marc:datafield>
   <marc:datafield ind1="1" ind2=" " tag="689">
      <marc:subfield code="5">DE-101</marc:subfield>
      <marc:subfield code="5">DE-101</marc:subfield>
   </marc:datafield>
   <marc:datafield ind1="1" ind2=" " tag="700">
      <marc:subfield code="0">(DE-588)115333029</marc:subfield>
      <marc:subfield code="0">http://d-nb.info/gnd/115333029</marc:subfield>
      <marc:subfield code="0">(DE-101)115333029</marc:subfield>
      <marc:subfield code="a">Vonau, Michael</marc:subfield>
      <marc:subfield code="e">Mitwirkender</marc:subfield>
      <marc:subfield code="4">ctb</marc:subfield>
   </marc:datafield>
   <marc:datafield ind1="1" ind2=" " tag="700">
      <marc:subfield code="0">(DE-588)128707127</marc:subfield>
      <marc:subfield code="0">http://d-nb.info/gnd/128707127</marc:subfield>
      <marc:subfield code="0">(DE-101)128707127</marc:subfield>
      <marc:subfield code="a">Heusinger, Heiner</marc:subfield>
      <marc:subfield code="d">1945-2012</marc:subfield>
      <marc:subfield code="e">Mitwirkender</marc:subfield>
      <marc:subfield code="4">ctb</marc:subfield>
   </marc:datafield>
   <marc:datafield ind1="1" ind2=" " tag="700">
      <marc:subfield code="0">(DE-588)1032153385</marc:subfield>
      <marc:subfield code="0">http://d-nb.info/gnd/1032153385</marc:subfield>
      <marc:subfield code="0">(DE-101)1032153385</marc:subfield>
      <marc:subfield code="a">Rübenacker, Thomas</marc:subfield>
      <marc:subfield code="d">1952-</marc:subfield>
      <marc:subfield code="e">Mitwirkender</marc:subfield>
      <marc:subfield code="4">ctb</marc:subfield>
   </marc:datafield>
   <marc:datafield ind1="1" ind2=" " tag="700">
      <marc:subfield code="0">(DE-588)131401645</marc:subfield>
      <marc:subfield code="0">http://d-nb.info/gnd/131401645</marc:subfield>
      <marc:subfield code="0">(DE-101)131401645</marc:subfield>
      <marc:subfield code="a">Haas, Wieland</marc:subfield>
      <marc:subfield code="e">Mitwirkender</marc:subfield>
      <marc:subfield code="4">ctb</marc:subfield>
   </marc:datafield>
   <marc:datafield ind1=" " ind2=" " tag="850">
      <marc:subfield code="a">DE-101a</marc:subfield>
      <marc:subfield code="a">DE-101b</marc:subfield>
   </marc:datafield>
   <marc:datafield ind1="r" ind2=" " tag="925">
      <marc:subfield code="a">ra</marc:subfield>
   </marc:datafield>
</marc:record>
